000 00909nam a2200265Ia 4500
003 OSt
005 20220926010452.0
006 a|||||r|||| 00| 0
007 ta
008 220923b |||||||| |||| 00| 0 eng d
020 _a9788126557134
_c636.64999999999998
037 _b5675, 30/12/2015, RAJKIRAN BOOK AGENCY
_cGeneral Book
040 _aRTL
_cRTL
_beng
041 _2eng
_aeng
082 _aX:80gF, Q3
100 _aTIDD Joe
_9312335
245 0 _aManaging innovation
_b Integrating technological, market and organizational change
260 _a New Delhi
_bWiley India
_c2013
300 _axix,660p
_ccm.
500 _aBibliography Chapterwise; Glossary: p 347-352; Note: with CD
650 _aCommerce
700 _a BESSANT John
_9269816
942 _hX:80gF, Q3
_cGB
_2CC
999 _c617303
_d617303